ARRUPE JESUIT UNIVERSITY

CORONAVIRUS -STOP THE SPREAD - CLEAN,DISINFECT,COVER

The myth of metaphor. (Record no. 122920)

MARC details
000 -LEADER
fixed length control field 01161cam a2200373 4500
001 - CONTROL NUMBER
control field 57153
003 - CONTROL NUMBER IDENTIFIER
control field ARRUPE
005 - DATE AND TIME OF LATEST TRANSACTION
control field 20150715141305.0
008 - FIXED-LENGTH DATA ELEMENTS--GENERAL INFORMATION
fixed length control field 811215s1970 scua b 001 0 eng
010 ## - LIBRARY OF CONGRESS CONTROL NUMBER
LC control number 77119332
020 ## - INTERNATIONAL STANDARD BOOK NUMBER
International Standard Book Number 0872491714
035 ## - SYSTEM CONTROL NUMBER
System control number (OCoLC)130998
035 ## - SYSTEM CONTROL NUMBER
System control number (OCoLC)ocm00130998
035 ## - SYSTEM CONTROL NUMBER
System control number (CStRLIN)NYCG81-B3345
035 ## - SYSTEM CONTROL NUMBER
System control number (NNC)57153
040 ## - CATALOGING SOURCE
Modifying agency NNC
Transcribing agency DCL
050 0# - LIBRARY OF CONGRESS CALL NUMBER
Classification number B840
Item number .T8 1970
082 ## - DEWEY DECIMAL CLASSIFICATION NUMBER
Classification number 149/.94
090 ## - LOCALLY ASSIGNED LC-TYPE CALL NUMBER (OCLC); LOCAL CALL NUMBER (OCLC)
Classification number (OCLC) (R) ; Classification number, CALL (RLIN) (NR) B840
Local cutter number (OCLC) ; Book number/undivided call number, CALL (RLIN) .T8 1970
300 ## - PHYSICAL DESCRIPTION
Other physical details illus.
Dimensions 24 cm.
100 1# - MAIN ENTRY--PERSONAL NAME
Personal name Turbayne, Colin Murray.
9 (RLIN) 18118
245 14 - TITLE STATEMENT
Title The myth of metaphor.
Statement of responsibility, etc With forewords by Morse Peckham and Foster Tait, and an appendix by Rolf Eberle.
250 ## - EDITION STATEMENT
Edition statement Rev. ed.
260 ## - PUBLICATION, DISTRIBUTION, ETC. (IMPRINT)
Place of publication, distribution, etc Columbia,
Name of publisher, distributor, etc University of South Carolina Press
Date of publication, distribution, etc [1970]
300 ## - PHYSICAL DESCRIPTION
Extent xv, 241 p.
500 ## - GENERAL NOTE
General note Issued with various printing dates.
504 ## - BIBLIOGRAPHY, ETC. NOTE
Bibliography, etc Includes bibliographical references.
600 10 - SUBJECT ADDED ENTRY--PERSONAL NAME
Personal name Descartes, René,
Dates associated with a name 1596-1650.
9 (RLIN) 4894
600 10 - SUBJECT ADDED ENTRY--PERSONAL NAME
Personal name Newton, Isaac,
Dates associated with a name 1642-1727.
9 (RLIN) 18119
650 #0 - SUBJECT ADDED ENTRY--TOPICAL TERM
Topical term or geographic name as entry element Semantics (Philosophy)
9 (RLIN) 18120
650 #0 - SUBJECT ADDED ENTRY--TOPICAL TERM
Topical term or geographic name as entry element Science
General subdivision Methodology.
9 (RLIN) 18121
650 #0 - SUBJECT ADDED ENTRY--TOPICAL TERM
Topical term or geographic name as entry element Metaphor.
9 (RLIN) 11427
942 ## - ADDED ENTRY ELEMENTS (KOHA)
Source of classification or shelving scheme Library of Congress Classification
Koha item type Monograph ( Printed materials)
Holdings
Withdrawn status Lost status Source of classification or shelving scheme Damaged status Not for loan Collection code Home library Current library Shelving location Date acquired Total Checkouts Full call number Barcode Date last seen Price effective from Koha item type
    Library of Congress Classification     Main Collection ARRUPE LIBRARY ARRUPE LIBRARY Main Collection 15/07/2015   B840.T8 1970 46500004557 15/07/2015 15/07/2015 Monograph ( Printed materials)

 

Arrupe Library. PO Box MP320 Mt Pleasant, Harare, Zimbabwe
263 242 745411|librarian@aju.ac.zw